000 00659nam a2200265Ia 4500
005 20260302115015.0
008 008 260114s9999 xx 000 0 eng d
020 _a9781350496163
037 _aTextbook
040 _aCRL
040 _beng
040 _cCRL
041 _2eng
041 _aeng
084 _qCRL
100 _aBrian Baker
_91120425
245 0 _aScience Fiction
260 _bBloomsbury
260 _bBloomsbury Academic
260 _c2017
650 _aLiterary Studies
856 _uhttps://doi.org/10.1007/978-1-137-47441-4?locatt=label:secondary_bloomsburyCollections
942 _cEBOOK
999 _c1684617
_d1684617